000 00716nam a2200169 a 4500
001 000028240
005 20200930031452.0
008 110331s2001 dr a 000 0 spa d
040 _aDO-SdBNP
_bspa
_cBNPHU
082 _axxxx
_bG934c
100 1 _aGuerrero Prats R., Francisco
_955235
245 1 0 _aCrecimiento con estabilidad y equidad :
_brelanzamiento de la economía dominicana /
_cFrancisco Guerrero Prats R.
260 _aSanto Domingo :
_bBanco Central de la República Dominicana,
_c2001.
300 _a28 p :
_bgraf. ;
_c29 cm.
500 _aDisertación ofrecida ante al Cámara America de Comercio de la República Dominicana por el gobernador del Banco Central, Francisco M. Guerrero Prats
049 _aBNPD
999 _c27732
_d27732